000 00441nam a2200217Ia 4500
003 IT-RoPAU
008 120407s9999 xx 000 0 und d
040 _aIT-RoPAU
040 _cIT-RoPAU
041 _aita
100 _aG. B. Pelt
245 _aStoria dell’Antico Testamento
250 _aRoma
260 _aFerrari
260 _c1907
300 _a621 p.
300 _c24 cm
490 _v1
942 _cBK
999 _c36094
_d36094